000 00512nam a22001697a 4500
005 20251108172000.0
008 250721s1985 xx 000 0 ara d
082 1 4 _a811.01/جور
100 1 _aغريب، جورج
245 1 0 _aذو القلبين :
_bجميل بن معمر /
264 1 _aبيروت :
_bدار الثقافة،
_c1985.
300 _a238ص
490 0 _aسلسلة الموسوعة في الأدب العربي ؛ 44
650 1 7 _aشعر الغزل
942 _2ddc
_cBK
999 _c67523
_d67523